URSS, second producteur de pe{u00A4}_trole du monde / (رقم التسجيلة. 107848)
[ عرض عادي ]
| 000 -LEADER | |
|---|---|
| fixed length control field | 010210am a2200277 004500 |
| 003 - CONTROL NUMBER IDENTIFIER | |
| control field | EG-GiCUC |
| 008 - FIXED-LENGTH DATA ELEMENTS--GENERAL INFORMATION | |
| fixed length control field | 800204s1963 fr ab b 000 0 fre |
| 010 ## - LIBRARY OF CONGRESS CONTROL NUMBER | |
| LC control number | 67092784 |
| 040 ## - CATALOGING SOURCE | |
| Original cataloging agency | DLC |
| Transcribing agency | InLP |
| Modifying agency | DLC |
| 042 ## - AUTHENTICATION CODE | |
| Authentication code | premarc |
| 050 00 - LIBRARY OF CONGRESS CALL NUMBER | |
| Classification number | HD9575.R82 |
| Item number | C46 |
| 092 04 - LOCALLY ASSIGNED DEWEY CALL NUMBER (OCLC) | |
| Classification number | 338.272800947 |
| Item number | C462 |
| Edition number | 21 |
| 099 ## - LOCAL FREE-TEXT CALL NUMBER (OCLC) | |
| Classification number | 04 |
| -- | 338.272800947 C462 |
| 100 1# - MAIN ENTRY--PERSONAL NAME | |
| Personal name | Chapelle, Jean. |
| 245 10 - TITLE STATEMENT | |
| Title | URSS, second producteur de pe{u00A4}_trole du monde / |
| Statement of responsibility, etc. | Jean Chapelle ; avec la collaboration de Sonia Ketchian. |
| 260 ## - PUBLICATION, DISTRIBUTION, ETC. | |
| Place of publication, distribution, etc. | Paris : |
| Name of publisher, distributor, etc. | Editions Technip, |
| Date of publication, distribution, etc. | 1963. |
| 300 ## - PHYSICAL DESCRIPTION | |
| Extent | x, 314 p. : |
| Other physical details | ill., maps (part fold.) ; |
| Dimensions | 24 cm. |
| 490 0# - SERIES STATEMENT | |
| Series statement | Publications de l'Institut Franc{u00A4}_ais du Pe{u00A4}_trole. Collection Science et technique du pe{u00A4}_trole ; |
| Volume/sequential designation | no. 4 |
| 504 ## - BIBLIOGRAPHY, ETC. NOTE | |
| Bibliography, etc. note | Bibliography: p. [307]-314. |
| 650 #0 - SUBJECT ADDED ENTRY--TOPICAL TERM | |
| Topical term or geographic name entry element | Petroleum industry and trade |
| Geographic subdivision | Soviet Union. |
| 700 1# - ADDED ENTRY--PERSONAL NAME | |
| Personal name | Ketchian, Sonia. |
| 905 ## - LOCAL DATA ELEMENT E, LDE (RLIN) | |
| Cataloger | مى |
| 905 ## - LOCAL DATA ELEMENT E, LDE (RLIN) | |
| Cataloger | Eman |
| Reviser | Rev |
| 942 ## - ADDED ENTRY ELEMENTS (KOHA) | |
| Source of classification or shelving scheme | Dewey Decimal Classification |
| Koha item type | Books |
| Source of classification or shelving scheme | Not for loan | Home library | Current library | Date acquired | Full call number | Barcode | Date last seen | Copy number | Koha item type |
|---|---|---|---|---|---|---|---|---|---|
| Dewey Decimal Classification | المكتبة المركزبة الجديدة - جامعة القاهرة | قاعة المكتبات المهداة - الدور الرابع | 11.02.2024 | 338.272800947 C462 M.K | 01000114000566000 | 23.06.2024 | C.1 | Books |